000 00677nam a2200169 i 4500
003 IT-RoINE
005 20161104102830.0
008 090227s2008 sp a |r|||| ||0|||spa|d
020 _a9788493629793
040 _aSpMaBN
_cSpMaBN IT-RoINE
_dIT-RoINE
110 1 _aFundación San Millán de la Cogolla (España)
_93585
245 1 0 _aX aniversario, Fundación San Millán de la Cogolla, 1998-2008 :
_bmemoria /
_cedición a cargo de Fundación San Millán de la Cogolla.
260 _aLogroño :
_bFundación San Millán de la Cogolla,
_c2008.
300 _a175 p. :
_bil. col. ;
_c31 cm.
610 2 4 _aFundación San Millán de la Cogolla (España)
_xHistoria
_927414
942 _cMTS
999 _c13525
_d13525